Κατάλογος Βιβλιοθηκών Mediterranean College

Βασική Γραφιστική Υποδομή / Το Βιβλίο αυτό μπορεί να αποτελέσει για τον Εκπαιδευόμενο, Εργαλείο για Κατανόηση των Βασικών Στοιχείων, που Συνθετουν την Εφαρμοσμενη Τέχνη της Γραφιστικής (Record no. 4247)

MARC details
000 -LEADER
fixed length control field 02063cam a22001934a 4500
005 - ΗΜΕΡΟΜΗΝΙΑ ΚΑΙ ΩΡΑ ΤΕΛΕΥΤΑΙΑΣ ΕΝΗΜΕΡΩΣΗΣ
Πεδίο ελέγχου 20250605164140.0
008 - FIXED-LENGTH DATA ELEMENTS--GENERAL INFORMATION
Πεδίο ελέγχου σταθερού μήκους 250528s ||||||||||||||||||||||||d
035 ## - SYSTEM CONTROL NUMBER
System control number 18950
020 ## - ISBN
ISBN 9604056115
040 ## - ΠΗΓΗ ΚΑΤΑΛΟΓΟΓΡΑΦΗΣΗΣ
Φορέας πρωτότυπης καταλογογράφησης MC Athens Campus Library
Γλώσσα καταλογογράφησης Ελληνικά, Μοντέρνα (1453-)
Modifying agency MC Athens Campus Library
Κανόνες περιγραφικής καταλογογράφησης AACR2
245 1# - ΤΙΤΛΟΣ ΚΑΙ ΔΗΛΩΣΗ ΥΠΕΥΘΥΝΟΤΗΤΑΣ
Τίτλος Βασική Γραφιστική Υποδομή / Το Βιβλίο αυτό μπορεί να αποτελέσει για τον Εκπαιδευόμενο, Εργαλείο για Κατανόηση των Βασικών Στοιχείων, που Συνθετουν την Εφαρμοσμενη Τέχνη της Γραφιστικής
260 ## - PUBLICATION, DISTRIBUTION, ETC.
Name of publisher, distributor, etc. Ίων,
Date of publication, distribution, etc. 1995
300 ## - PHYSICAL DESCRIPTION
Extent 112
520 ## - SUMMARY, ETC.
Summary, etc. Το Βιβλίο αυτό μπορεί να αποτελέσει για τον Εκπαιδευόμενο, Εργαλείο για Κατανόηση των Βασικών Στοιχείων, που Συνθετουν την Εφαρμοσμενη Τέχνη της Γραφιστικής. Ορόσημα στην Ιστορία της Τυπογραφίας, Ο Γραφίστας και το Ελεύθερο Σχέδιο, Ο Γραφίστας και το Γραμμικό Σχέδιο, Ο Γραφίστας και το Χαρτί, Ο Γραφίστας και τα Συστήματα Εκτύπωσης, Τα Εργαλεία της Εικαστικής Γλώσσας του Γραφίστα, Τυπογραφικά Στοιχεία, Το Τυπογραφικό Στοιχείο και ο Χώρος, Η Σωστή Τοποθέτηση του Τυπογραφικού Στοιχείου, Εικόνα, Η Φόρμα, Τα Σχήματα, Στυλιζάρισμα και Απλοποίηση, Η Εικόνα και το Εργαλείο Χάραξης της, Φωτογραφική Επεξεργασία Εικόνας, Εταιρική Ταυτότητα, Συσκευασία, Εφαρμογές του Σήματος - Λογότυπου, Διαφημιστική Καμπάνια.
700 1# - ΠΡΟΣΘΕΤΗ ΑΝΑΓΡΑΦΗ--ΦΥΣΙΚΟ ΠΡΟΣΩΠΟ
Personal name Μπέσης Σπύρος Π
9 (RLIN) 5231
942 ## - ADDED ENTRY ELEMENTS (KOHA)
Koha item type Books
Holdings
Τύπος τεκμηρίου Βιβλιοθήκη Τρέχουσα τοποθεσία Barcode Αριθμός εισαγωγής Ημερομηνία απόκτησης Ταξιθετικό σύμβολο Αριθμός αντιτύπου Κατάσταση απόσυρσης Κατάσταση χαμένου Κατάσταση κατεστραμμένου Μη δανεισμός Σύνολο δανεισμών Ημερομηνία τελευταίας εμφάνισης Χρονολογία τελευταίου δανεισμού Η τιμή ισχύει από
Books MC Athens Campus Library MC Athens Campus Library 9780000042460 3882 05/06/2025 760 BES 1         2 27/06/2025 27/06/2025 05/06/2025

MC Athens Campus Library
Πατησίων 94 & Κοδριγκτώνος 13, 104 34
Πελλήνης 8 & Πατησίων 107, 112 51
Τ: +30 210 8899600

MC Thessaloniki Campus Library
Ίωνος Δραγούμη 21, 54625 | Ίωνος Δραγούμη 15, 54625
Τ: +30 2310 287779 – Τ: +30 2314 440300